2015 UCL Final Lineup - Statistics

General Stats
  • This quiz has been taken 43 times
  • The average score is 10 of 22
Answer Stats
Position Players % Correct
RW/CF Lionel Messi
97%
ST Luis Suarez
94%
CM Andres Iniesta
86%
GK Gianluigi Buffon
81%
RB Dani Alves
78%
CB Gerard Pique
75%
LB Jordi Alba
75%
DM Sergio Busquets
72%
CB Leonardo Bonucci
56%
LCM Paul Pogba
50%
LW/CF Neymar JR
47%
ST Carlos Tevez
44%
ST Alvaro Morata
42%
CM Ivan Rakitic
31%
CB Javier Mascherano
31%
DM Andrea Pirlo
19%
CB Andrea Barzagli
17%
RCM Claudio Marchisio
14%
GK Marc Ter Stegen
14%
LB Patrice Evra
14%
AM Arturo Vidal
11%
RB Stephan Lichtensteiner
0%
No matching quizzes found
Score Distribution
Percent of People with Each Score
Percentile by Number Answered
Your Score History
You have not taken this quiz